Statistics for Dragon Ball Z quiz

Click here to take the quiz!

General Stats

  • This quiz has been taken 630 times
  • The average score is 11 of 15

Answer Stats

HintAnswer% Correct
Gohans FatherGoku
100%
Prince of all saiyan'sVegeta
98%
First ssj2Gohan
97%
Goku's brotherRaditz
86%
First Fusion (Using the fusion Dance)Gotenks
83%
Unlocked Ssj RageTrunks
82%
"Wolf Fang Fist"Yamcha
80%
Kuririn's wifeAndroid 18
76%
vegeta's side kickNappa
72%
Black Goku or...Zamasu
71%
The omni-kingZeno
71%
The most over rated character which isn't even cannonBroly
62%
People used to call him billsBeerus
57%
The Caretaker of the person above.Whis
51%
Creators of dragon ball abridgedTeam Four star
46%

Score Distribution

Percentile by Number Answered

Percent of People with Each Score

Your Score History

You have not taken this quiz